| 000 | 01181cam a2200337 a 4500 | ||
|---|---|---|---|
| 999 |
_c8714 _d8714 |
||
| 001 | 897505 | ||
| 003 | GBCCL | ||
| 005 | 20241126110656.0 | ||
| 008 | 810414r19811981miu b 001 0 eng | ||
| 010 | _a 81002975 | ||
| 020 | _a031043730X | ||
| 040 |
_aDLC _cDLC _dDLC |
||
| 050 | 0 | 0 |
_aBS680.W7 _bH87 1981 |
| 082 | 0 | 0 |
_a261.8344 _219 _bHUR |
| 100 | 1 |
_aHurley, James B. _915368 |
|
| 245 | 1 | 0 |
_aMan and woman in Biblical perspective / _cJames B. Hurley. |
| 250 | _a1st. ed. | ||
| 260 |
_aGrand Rapids, MI : _bZondervan Pub. House, _c1981. |
||
| 300 |
_a288 p. ; _c21 cm. |
||
| 500 | _aReprint. Originally published: Leicester : Inter-Varsity Press, 1981. | ||
| 500 | _aIncludes indexes. | ||
| 504 | _aBibliography: p. 272-280. | ||
| 650 | 0 |
_aWomen in the Bible. _91872 |
|
| 650 | 0 |
_aWomen in Christianity. _91137 |
|
| 650 | 0 |
_aMen (Christian theology) _xBiblical teaching. _93490 |
|
| 650 | 0 |
_aSex role _xBiblical teaching. _93489 |
|
| 650 | 0 |
_aSex role _xReligious aspects _xChristianity. _92130 |
|
| 856 | 4 | 2 |
_3Publisher description _uhttp://www.loc.gov/catdir/enhancements/fy1106/81002975-d.html |
| 906 |
_a7 _bcbc _corignew _d1 _eocip _f19 _gy-gencatlg |
||
| 942 |
_2ddc _cBK _03 |
||